Designing architecture : (Record no. 353712)

000 -LEADER
fixed length control field 01068cam a2200301 a 4500
001 - CONTROL NUMBER
control field 16735991
003 - CONTROL NUMBER IDENTIFIER
control field OSt
005 - DATE AND TIME OF LATEST TRANSACTION
control field 20180116192416.0
008 - FIXED-LENGTH DATA ELEMENTS--GENERAL INFORMATION
fixed length control field 110414s2012 enkae 001 0 eng
010 ## - LIBRARY OF CONGRESS CONTROL NUMBER
LC control number 2011016356
020 ## - INTERNATIONAL STANDARD BOOK NUMBER
International Standard Book Number 9780415595155 (hardback : alk. paper)
020 ## - INTERNATIONAL STANDARD BOOK NUMBER
International Standard Book Number 9780415595162 (pbk. : alk. paper)
040 ## - CATALOGING SOURCE
Original cataloging agency DLC
Transcribing agency DLC
Modifying agency DLC
042 ## - AUTHENTICATION CODE
Authentication code pcc
050 00 - LIBRARY OF CONGRESS CALL NUMBER
Classification number NA2750
Item number .P6953 2012
082 00 - DEWEY DECIMAL CLASSIFICATION NUMBER
Classification number 720
Edition number 22
100 1# - MAIN ENTRY--PERSONAL NAME
Personal name Pressman, Andy.
9 (RLIN) 6584
245 10 - TITLE STATEMENT
Title Designing architecture :
Remainder of title the elements of process /
Statement of responsibility, etc. Andrew Pressman.
246 30 - VARYING FORM OF TITLE
Title proper/short title Elements of process
260 ## - PUBLICATION, DISTRIBUTION, ETC.
Place of publication, distribution, etc. London ;
-- New York :
Name of publisher, distributor, etc. Routledge,
Date of publication, distribution, etc. c2012.
300 ## - PHYSICAL DESCRIPTION
Extent 205 p. :
Other physical details col. ill., plans ;
Dimensions 29 cm.
500 ## - GENERAL NOTE
General note Includes index.
650 #0 - SUBJECT ADDED ENTRY--TOPICAL TERM
Topical term or geographic name entry element Architectural design.
9 (RLIN) 6585
906 ## - LOCAL DATA ELEMENT F, LDF (RLIN)
a 7
b cbc
c orignew
d 1
e ecip
f 20
g y-gencatlg
942 ## - ADDED ENTRY ELEMENTS (KOHA)
Source of classification or shelving scheme
Koha item type Book
Holdings
Withdrawn status Lost status Source of classification or shelving scheme Damaged status Not for loan Permanent Location Current Location Date acquired Total Checkouts Total Renewals Full call number Barcode Date last seen Date last checked out Copy number Cost, replacement price Price effective from Koha item type
          School of Art Design and Architecture (SADA) School of Art Design and Architecture (SADA) 06/18/2013 5 2 720 PRE 2012 SADA0002009 06/09/2015 05/27/2015 1 3524.58 07/08/2013 Book
© 2023 Central Library, National University of Sciences and Technology. All Rights Reserved.